Представление документа в формате RUSMARC

ПолеНазваниеЗначение
  Тип записи a
  Библиографический уровень a
001 Контрольный номер RU/CBS_UL/BASE/90c9b6a10aa0493cbf385ab5a655eba9
005 Дата корректировки 20230202132615.9
100 Данные общей обработки __
a Данные общей обработки 20230130 ||| 0rusy0189 ca
101 Язык документа 0_
a Язык текста rus
102 Страна публикации __
a Страна публикации RU
200 Заглавие и сведения об ответственности 1_
a Заглавие Вечер досуга "Зимние Святки" для детей старшей группы
e Сведения, относящиеся к заглавию [художественно-эстетическое развитие дошкольников]
f Первые сведения об ответственности Л.Н. Малюгина
300 Общие примечания __
a Общие примечания 0+
461 Уровень набора _0
1 2000
a Дошкольная педагогика
463 Уровень физической единицы _0
1 2000
a № 9
v С. 17-18 : фот.
1 2101
d 2022
1 001RU/CBS_UL/BASE/d0da631387f94dc8973cf11e0e449fb5
606 Тематические рубрики 0_
a Основная рубрика Организация досуга. Игра. Праздники
610 Ключевые слова 0_
a Ключевые слова досуг
610 Ключевые слова 0_
a Ключевые слова игры
610 Ключевые слова 0_
a Ключевые слова Святки (сценарии)
610 Ключевые слова 0_
a Ключевые слова дошкольники старшие
686 Индексы других классификаций __
a Классификационный индекс 74.100.58
2 Код системы ББК
700 Автор _1
a Фамилия Малюгина
b Имя (инициалы) Л.Н.
801 Источник записи _0
a Страна RU
b Организация МБУК ЦБС г. Ульяновска
c Дата составления 20230130
g Правила каталогизации RCR
801 Источник записи _1
a Страна RU
b Организация МБУК ЦБС г. Ульяновска
c Дата составления 20230130
g Правила каталогизации RCR
901 Тип документа __
t Тип документа b
w Контрольный № источника RU/CBS_UL/BASE/d0da631387f94dc8973cf11e0e449fb5